000 00724nam a2200241 a 4500
003 AR-BaBNM
005 20251128205359.0
008 082120s2002 ||||||||||||||000 | spa||
020 _a84-7232-452-4
040 _cAR-BaBNM
100 1 _aAyala, Manuel Josef de
245 0 0 _aDiccionario de gobierno y legislación de Indias
_n3
260 _aMadrid
_bCultura Hispánica
_bInstituto de Cooperación Iberoamericana
_c1988
300 _a419 p.
500 _aContiene tabla cronológica para consultar p. 369-418.
650 4 _aDICCIONARIOS
650 4 _aPERIODO HISPANICO
650 4 _aDERECHO INDIANO
655 _aREFERENCIA
700 1 _avas Mingo, Marta Milagros del
_eeditor
942 _cBK
998 _cmariana
999 _c11177
_d11177